Top 100 meilleurs marqueurs de NBA - Statistiques

Statistiques générales
  • Ce quiz a été pris 1 533 fois
    744 depuis la dernière actualisation
  • Le résultat moyen est 42 sur 100
Statistiques - réponses
Nombre de points Nom Equipes % Correct
40474 LeBron James Cleveland Cavaliers, Miami Heat, Los Angeles Lakers
100%
32292 Michael Jordan Chicago Bulls, Washington Wizards
97%
33643 Kobe Bryant Los Angeles Lakers
95%
28924 Kevin Durant Seattle SuperSonics, Oklahoma City Thunder, Golden State Warriors, Brooklyn Nets, Phoenix Suns
93%
38387 Kareem Abdul-Jabbar Milwaukee Bucks, Los Angeles Lakers
91%
28596 Shaquille O'Neal Orlando Magic, Los Angeles Lakers, Miami Heat, Phoenix Suns, Cleveland Cavaliers, Boston Celtics
91%
25885 James Harden Oklahoma City Thunder, Houston Rockets, Brooklyn Nets, Philadelphia 76ers, Los Angeles Clippers
89%
23668 Stephen Curry Golden State Warriors
88%
31419 Wilt Chamberlain Harlem Globetrotters, Philadelphia Warriors, San Francisco Warriors, Philadelphia 76ers, Los Angeles Lakers
87%
26496 Tim Duncan San Antonio Spurs
85%
31560 Dirk Nowitzki Dallas Mavericks
84%
36928 Karl Malone Utah Jazz, Los Angeles Lakers
84%
25192 Jerry West Los Angeles Lakers
83%
27409 Moses Malone Utah Stars, St. Louis Spirits, Buffalo Braves, Houston Rockets, Philadelphia 76ers, Washington Bullets, Atlanta Hawks, Milwaukee Bucks, San Antonio Spurs
83%
17231 Jeff Malone Washington Bullets, Utah Jazz, Philadelphia 76ers, Miami Heat
82%
25211 Russell Westbrook Oklahoma City Thunder, Houston Rockets, Washington Wizards, Los Angeles Lakers, Los Angeles Clippers
78%
21791 Larry Bird Boston Celtics
77%
28289 Carmelo Anthony Denver Nuggets, New York Knicks, Oklahoma City Thunder, Houston Rockets, Portland Trail Blazers
76%
26946 Hakeem Olajuwon Houston Rockets, Toronto Raptors
74%
26071 Kevin Garnett Minnesota Timberwolves, Boston Celtics, Brooklyn Nets
73%
19473 Tony Parker San Antonio Spurs, Charlotte Hornets
72%
23165 Dwyane Wade Miami Heat, Chicago Bulls, Cleveland Cavaliers
66%
17707 Magic Johnson Los Angeles Lakers
65%
26397 Paul Pierce Boston Celtics, Brooklyn Nets, Washington Wizards, Los Angeles Clippers
64%
25728 Vince Carter Toronto Raptors, New Jersey Nets, Orlando Magic, Phoenix Suns, Dallas Mavericks, Memphis Grizzlies, Sacramento Kings, Atlanta Hawks
63%
22288 Chris Paul New Orleans Hornets, Los Angeles Clippers, Houston Rockets,Oklahoma City Thunder, Phoenix Suns, Golden State Warriors
62%
24368 Allen Iverson Philadelphia 76ers, Denver Nuggets, Detroit Pistons, Memphis Grizzlies
61%
19202 Edward Arnet Johnson Kansas City Kings, Sacramento Kings, Phoenix Suns, Seattle Supersonics, Charlotte Hornets, Indiana Pacers, Houston Rockets
61%
20407 Joe Johnson Boston Celtics, Phoenix Suns, Atlanta Hawks, Brooklyn Nets, Miami Heat, Utah Jazz, Houston Rockets
61%
19591 Clifford Robinson Portland Trail Blazers, Phoenix Suns, Detroit Pistons, Golden State Warriors, New Jersey Nets
60%
20790 David Robinson San Antonio Spurs
60%
26710 Oscar Robertson Cincinnati Royals, Milwaukee Bucks
60%
24505 Ray Allen Milwaukee Bucks, Seattle SuperSonics, Boston Celtics, Miami Heat
60%
25279 Reggie Miller Indiana Pacers
60%
18940 Scottie Pippen Chicago Bulls, Houston Rockets, Portland Trail Blazers
60%
21151 Damian Lillard Portland Trail Blazers, Milwaukee Bucks
58%
23757 Charles Barkley Philadelphia 76ers, Phoenix Suns, Houston Rockets
56%
24815 Patrick Ewing New York Knicks, Seattle Supersonics, Orlando Magic
56%
19711 John Stockton Utah Jazz
54%
17387 Steve Nash Phoenix Suns, Dallas Mavericks, Los Angeles Lakers
54%
18822 Isiah Thomas Detroit Pistons
53%
18502 Giannis Antetokounmpo Milwaukee Bucks
51%
17529 Jason Kidd Dallas Mavericks, Phoenix Suns, New Jersey Nets, New York Knicks
50%
17199 Kyrie Irving Cleveland Cavaliers, Boston Celtics, Brooklyn Nets, Dallas Mavericks
50%
18364 Julius Erving Virginie Squires, New York Nets, Philadelphia 76ers
49%
23582 DeMar DeRozan Toronto Raptors, San Antonio Spurs, Chicago Bulls
48%
21813 Gary Payton Seattle SuperSonics, Milwaukee Bucks, Los Angles Lakers, Boston Celtics, Miami Heat
47%
20894 Pau Gasol Memphis Grizzlies, Los Angeles Lakers, Chicago Bulls, San Antonio Spurs, Milwaukee Bucks
47%
22195 Clyde Drexler Portland Trail Blazers, Houston Rockets
45%
18032 Paul George Indiana Pacers, Oklahoma City Thunder, Los Angeles Clippers
45%
17717 Anthony Davis New Orleans Pelicans, Los Angeles Lakers
44%
19521 Walter Davis Phoenix Suns, Denver Nuggets, Portland Trail Blazers
44%
19485 Dwight Howard Orlando Magic, Los Angeles Lakers, Houston Rockets, Atlanta Hawks, Charlotte Hornets, Washington Wizards, Philadelphia 76ers
42%
18381 Tracy McGrady Toronto Raptors, Orlando Magic, Houston Rockets, New York Knicks, Detroit Pistons, Atlanta Hawks, San Antonio Spurs
42%
26668 Dominique Wilkins Atlanta Hawks, Los Angeles Clippers, Boston Celtics, San Antonio Spurs, Orlando Magic
41%
26395 John Havlicek Boston Celtics
40%
20880 Bob Pettit Milwaukee Hawks, St Louis Hawks
34%
23149 Elgin Baylor Minneapolis Lakers, Los Angeles Lakers
34%
18787 Bob McAdoo Buffalo Braves, New York Knicks, Boston Celtics, Detroit Pistons, New Jersey Nets, Los Angeles Lakers, Philadelphia 76ers
30%
27313 Elvin Hayes San Diego Rockets, Houston Rockets, Baltimore Bullets, Capital Bullets, Washington Bullets
30%
20708 George Gervin Virginie Squires, San Antonio Spurs, Chicago Bulls
28%
23334 Robert Parish Golden State Warriors, Boston Celtics, Charlotte Hornets, Chicago Bulls
28%
25613 Alex English Milwaukee Bucks, Indiana Pacers, Denver Nuggets, Dallas Mavericks
26%
17335 Kevin McHale Boston Celtics
26%
20558 LaMarcus Aldridge Portland Trail Blazers, San Antonio Spurs, Brooklyn Nets
26%
17911 Chris Mullin Golden State Warriors, Indiana Pacers
25%
19655 Bernard King New Jersey Nets, Utah Jazz, Golden State Warriors, New York Knicks, Washington Bullets
21%
18395 Rick Barry San Francisco Warriors, Oakland Oaks, Washington Capitals, New York Nets, Golden State Warriors, Houston Rockets
21%
23177 Adrian Dantley Buffalo Braves, Indiana Pacers, Los Angeles Lakers, Utah Jazz, Detroit Pistons, Dallas Mavericks, Milwaukee Bucks
17%
18831 Chet Walker Syracuse Nationals, Philadelphia 76ers, Chicago Bulls
17%
17454 Earl Monroe Baltimore Bullets, New York Knicks
13%
18578 Zach Randolph Portland Trail Blazers, New York Knicks, Los Angeles Clippers, Memphis Grizzlies, Sacramento Kings
13%
20497 Mitch Richmond Golden State Warriors, Sacramento Kings, Washington Wizards, Los Angeles Lakers
12%
21586 Hal Greer Syracuse Nationals, Philadelphia 76ers
11%
19419 Jamal Crawford Chicago Bulls, New York Knicks, Golden State Warriors, Atlanta Hawks, Portland Trail Blazers, Los Angeles Clippers, Minnesota Timberwolves, Phoenix Suns, Brooklyn Nets
11%
18879 Jason Terry Atlanta Hawks, Dallas Mavericks, Boston Celtics, Brooklyn Nets, Sacramento Kings, Houston Rockets, Milwaukee Bucks
11%
18438 Dolph Schayes Syracuse Nationals, Philadelphia 76ers
10%
19181 Gail Goodrich Los Angeles Lakers, Phoenix Suns, New Orleans Jazz
10%
17772 Lenny Wilkens St Louis Hawks, Seattle SuperSonics, Cleveland Cavaliers, Portland Trail Blazers
8%
19248 Bob Lanier Detroit Pistons, Milwaukee Bucks
7%
17700 Shawn Marion Phoenix Suns, Miami Heat, Toronto Raptors, Dallas Mavericks, Cleveland Cavaliers
7%
20941 Walt Bellamy Chicago Packers, Chicago Zephyrs, Baltimore Bullets, New York Knicks, Detroit Pistons, Atlanta Hawks, New Orleans Jazz
7%
18327 Dave Bing Detroit Pistons, Washington Bullets, Boston Celtics
6%
18458 Mark Aguirre Dallas Mavericks, Detroit Pistons, Los Angeles Clippers
6%
17642 Rudy Gay Memphis Grizzlies, Toronto Raptors, Sacramento Kings, San Antonio Spurs, Utah Jazz
6%
20042 Antawn Jamison Golden State Warriors, Dallas Mavericks, Washington Wizards, Cleveland Cavaliers, Los Angeles Lakers, Los Angeles Clippers
5%
19004 Dale Ellis Dallas Mavericks, Seattle Supersonics, Milwaukee Bucks, San Antonio Spurs, Denver Nuggets, Charlotte Hornets
5%
18336 Glen Rice Miami Heat, Charlotte Hornets, Los Angeles Lakers, New York Knicks, Houston Rockets, Los Angeles Clippers
5%
17949 Calvin Murphy San Diego Rockets, Houston Rockets
4%
17253 Kevin Willis Atlanta Hawks, Miami Heat, Golden State Warriors, Houston Rockets, Toronto Raptors, Denver Nuggets, San Antonio Spurs, Dallas Mavericks
4%
17623 Rolando Blackman Dallas Mavericks, New York Knicks
4%
20049 Tom Chambers San Diego Clippers, Seattle SuperSonics, Phoenix Suns, Utah Jazz, Charlotte Hornets, Philadelphia 76ers
4%
17306 Michael Finley Phoenix Suns, Dallas Mavericks, San Antonio Spurs, Boston Celtics
3%
17287 Jack Sikma Seattle SuperSonics, Milwaukee Bucks
2%
17940 Lou Hudson St Louis Hawks, Los Angeles Lakers
2%
17600 Otis Thorpe Kansas City/Sacramento Kings, Houston Rockets, Portland Trail Blazers, Detroit Pistons, Vancouver Grizzlies, Washington Wizards, Miami Heat, Charlotte Hornets
2%
19015 Reggie Theus Chicago Bulls, Kansas City Kings, Sacramento Kings, Atlanta Hawks, Orlando Magic, New Jersey Nets
2%
19460 Terry Cummings San Diego Clippers, Milwaukee Bucks, San Antonio Spurs, Seattle SuperSonics, Philadelphia 76ers, New York Knicks, Golden State Warriors
2%
17955 World B. Free Philadelphia 76ers, San Diego Clippers, Golden State Warriors, Cleveland Cavaliers, Houston Rockets
2%
17770 Bailey Howell Detroit Pistons, Baltimore Bullets, Boston Celtics, Philadelphia 76ers
1%
Aucun quiz correspondant
Distribution des résultats
% des personnes avec chaque résultat
Percentile par nombre de réponses
Votre historique - résultats
Vous n’avez pas pris ce quiz depuis la dernière actualisation